000 00795cam a2200229 4500
001 ABS62619
008 000000n2000 000 0 eng u
035 _a(Sirsi) u107214
100 _aGrinfeld, M.
245 _aGet sorted
260 _c2000
490 _aBuilding
_v265(8141) 16 June 2000, 80-81(2)
520 _aStresses the need for efficient electronic document management systems (EDMS) when transferring from paper to electronic documentation. Provides some definitions to help understand of EDMS.
590 _aABS
650 _aELECTRONIC DOCUMENT MANAGEMENT SYSTEMS
650 _aDOCUMENT MANAGEMENT
650 _aDEFINITIONS
650 _aADMISSIBLE EVIDENCE
690 _aMANAGEMENT-BUSINESS MANAGEMENT-INFORMATION MANAGEMENT
700 _aGrinfeld, A.
942 _n0
999 _c64097
_d64097